00611nam a22001817a 4500003000500000005001700005008004100022010001000063011001000073035001000083040000900093100003200102245010100134260004100235300001000276502011700286650002600403CHAP20220329133948.0971013s1984 r 00010 d a13300 a14272 a18345 cCHAP00aGómez Mandujano, Roberto. aPrueba de control químico integral en trigo de invierno (Triticum aestivum L) en Apodaca, N.L. a(Monterrey, N.L.) :bEl autor,c1984 a52 h. aTesis (Ing. Agr. Esp. en Producción Agropecuaria) -- ITESM. División de Ciencias Agropecuarias y Marítimas14aTrigoxMalas hierbas.